Normal view
MARC view
Entry Topical Term
001 - CONTROL NUMBER
- control field: 40523
003 - CONTROL NUMBER IDENTIFIER
- control field: ARRUPE
005 - DATE AND TIME OF LATEST TRANSACTION
- control field: 20180313144752.0
008 - FIXED-LENGTH DATA ELEMENTS
- fixed length control field: 180313|| aca||aabn | a|a d
040 ## - CATALOGING SOURCE
- Original cataloging agency: ARRUPE
- Transcribing agency: ARRUPE
150 ## - HEADING--TOPICAL TERM
- Topical term or geographic name as entry element: Ethics.
670 ## - SOURCE DATA FOUND
- Source citation: Work cat.: (ARRUPE)0: MacIntyre, Alasdair C., 18768, Ethics in the conflicts of modernity :, 2016